| 000 | 00663nam a2200217Ia 4500 | ||
|---|---|---|---|
| 999 |
_c51770 _d51770 |
||
| 003 | 0100 | ||
| 005 | 20180216105757.0 | ||
| 008 | 130303s9999 xx 000 0 und d | ||
| 040 | _cARRUPELIB | ||
| 050 | _aDT731.L773 1956 | ||
| 100 |
_aLivingstone, David _99520 |
||
| 245 | 4 | _aThe Zambezi Expedition of David Livingstone 1858-1863: | |
| 245 | _bThe Journals Continued with Letters and Dispatches Therefrom | ||
| 260 |
_aLondon _bChatto and Windus LTD _c1956 |
||
| 300 | _a2v. | ||
| 300 | _b 27 cm | ||
| 650 |
_aAfrica, Central _xDescription and travel _916946 |
||
| 700 |
_aWallis, John Peter Richard, (ed) _916947 |
||
| 942 |
_2lcc _cMONOGRAPH |
||